000 00797cam1a220024100 4500
001 tmp15798820
003 UPRA
005 20190822112019.0
007 sdubmmennmpune
008 951101s1977 nyu u
028 0 2 _aNW 275 New World Records
_bNW 275 New World Records
035 _a(Sirsi) r51335
035 _a(UPRA)tmp15798820
040 _cUPRA
041 0 _geng
245 0 0 _aIntrospection
_h[sound recording] :
_bneglected jazz figures of the 1950's and 1960's.
260 _aNew York :
_bNew World Records,
_c1977.
500 _aProgram notes on rear of sleeve.
504 _aNotes, 4 p., illus., by Bob Blumenthal including selected bibliography and discography.
650 0 _aJazz.
_6S6235.1
949 _aM1630.18
_wlcc
_i-65083
_mMAIN
_tBOOK
_lON-SHELF
004 51335
999 _c132664
_d132665